000
00228nam a22001217a 4500
040
_c
HS
082
_a
630
100
_a
DHONDYAL
245
_a
Farm management
260
_a
India
_b
DHONDYAL
_c
1991
300
_a
463p;
942
_c
EK
999
_c
9989
_d
9989